| 000 | 00914nam a2200241 a 4500 | ||
|---|---|---|---|
| 001 | BRCA_7317 | ||
| 005 | 20190320205806.0 | ||
| 008 | 100712s1887----gw-#######---#000-0#ger-# | ||
| 041 | _ager | ||
| 044 | _agw | ||
| 050 | 4 |
_aPT2642 _b.H45 1887 |
|
| 245 | 1 | 0 |
_aHeinrich Heine´s sämtliche Werke _bin vier Bänden _cherausgegeben von Otto F. Lachmann. |
| 260 |
_aLeipzig, Alemania _bPhilipp Reclam _c[1887] |
||
| 300 |
_a3 v. _c17 cm. |
||
| 500 | _aLa biblioteca cuenta con el v.2, v.3 y v.4 | ||
| 500 | _aN2 | ||
| 505 | 0 | _aContenido: v.2. Reisebilder. Shakespeare´s Mädchen und Frauen. Englische Fragmente. Tragödien. -- v.3. Deutschland. Ludwig Börne. Robellistiche Fragmente. Memoiren. -- v.4. Französische Zustände. Vermischte Schriften | |
| 600 | 1 | 4 |
_aHeine, Heinrich _d1797-1856 _918093 |
| 650 | 1 | 4 |
_aLiteratura Alemana _96160 |
| 700 | 1 |
_aLachmann, Otto F. _918094 |
|
| 902 | _aGFM | ||
| 942 |
_2lcc _cB |
||
| 999 |
_c6993 _d6993 |
||